Modern-Day Countries Conquered by Genghis Khan - Statistics

General Stats
  • This quiz has been taken 185 times
  • The average score is 12 of 13
Answer Stats
% Country % Correct
75 China
99%
100 Mongolia
99%
10 Russia
98%
5 India
95%
95 Kazakhstan
92%
10 Iran
90%
100 Uzbekistan
90%
10 Pakistan
89%
100 Turkmenistan
89%
100 Tajikistan
88%
100 Kyrgyzstan
87%
40 North Korea
87%
40 Afghanistan
86%
No matching quizzes found
Score Distribution
Percent of People with Each Score
Percentile by Number Answered
Your Score History
You have not taken this quiz